000
00285nam a22001217a 4500
008
180125b xxu||||| |||| 00| 0 eng d
041
_a
eng
080
_a
330.722.6
100
_a
62
101
_a
kon
245
_a
financial and managerial accouting
_c
belverd.e.n
942
_2
udc
_c
BK
999
_c
40930
_d
40930